| 000 | 00579nam a22002057a 4500 | ||
|---|---|---|---|
| 003 | OSt | ||
| 005 | 20240625122006.0 | ||
| 008 | 240625b |||||||| |||| 00| 0 eng d | ||
| 020 | _a978`405193672 | ||
| 040 | _cMUST | ||
| 082 |
_222 _a572.45 GRO 2009 |
||
| 100 |
_aGrogan, Gideon _917810 |
||
| 245 |
_aPractical biotransformation: _bA beginners guide/ _cGideon Grogan |
||
| 260 |
_bwiley _c2009 |
||
| 300 |
_axii, 331p. _bill. ; _e24cm |
||
| 440 |
_apostgraduate chemistry series _917811 |
||
| 504 | _aincludes appendices and index | ||
| 650 | _2chemestry | ||
| 942 |
_2ddc _cO_SHELF |
||
| 999 |
_c8814 _d8814 |
||